|
|
|
|
| LEADER |
02610nam a2200505 a 4500 |
| 001 |
mzk03001182800 |
| 003 |
CZ BrMZK |
| 005 |
20130903111421.0 |
| 007 |
ta |
| 008 |
120910s1780 gw f |||| 0 lat|d |
| 040 |
|
|
|a BOA001
|b cze
|
| 072 |
|
7 |
|a 27-9
|x Dějiny křesťanské církve
|2 Konspekt
|9 5
|
| 072 |
|
7 |
|a 094
|x Staré tisky
|2 Konspekt
|9 12
|
| 080 |
|
|
|a (0.068)094
|2 MRF
|
| 080 |
|
|
|a 27-9
|2 MRF
|
| 080 |
|
|
|a 025.171
|2 MRF
|
| 100 |
1 |
|
|a Schram, Dominikus,
|d 1722-1797
|7 mzk2009511098
|4 aut
|
| 245 |
1 |
0 |
|a P. Dominici Schram Benedictini Banthensis S.S. Theologiae, et S.S. Canonum Professoris emeriti, Analysis operum S.S. patrum, et scriptorum ecclesiasticorum.
|n Tomus II.,
|p Continens opera S. Irenaei episcopi Lugnunensis, et martyris, et S. Clementis presbyteri, et catechistae Alexandrini. Cum duplici indice uno operum patrum, punctorum dogmaticorum, et moralium, altero rerum memorabilium
|
| 246 |
3 |
|
|a Analysis operum
|
| 246 |
3 |
0 |
|a Continens opera S. Irenaei episcopi Lugnunensis, et martyris, et S. Clementis presbyteri, et catechistae Alexandrini. Cum duplici indice uno operum patrum, punctorum dogmaticorum, et moralium, altero rerum memorabilium
|
| 260 |
|
|
|a Augustae Vindelicorum :
|b Sumptibus Matthaei Rieger P. M. filiorum,
|c 1780
|
| 300 |
|
|
|a XX, 944, [36] s. ;
|c 8°
|
| 500 |
|
|
|a Výzdoba: Mědirytinový frontispis s portrétem svatého Ireneje z Lyonu (Johan Bapt. Aulinger Sc. AV.), vlysy, linky
|
| 500 |
|
|
|a Titulní list tištěn majuskulou
|
| 561 |
|
|
|a Provenience: Exlibris se studujícím mnichem
|
| 561 |
|
|
|a Provenience: Rajhradské znakové exlibris
|
| 561 |
|
|
|a Provenience: [razítko] Bibliotheca Mon. Raigrad. O.S.B
|
| 563 |
|
|
|a Hovězinová vazba, zlacené supralibros z doby Otmara Conrada I. typ, zlacený hřbet, červená ořízka
|
| 650 |
|
7 |
|a církevní otcové
|7 ph114286
|2 czenas
|
| 655 |
|
7 |
|a staré tisky
|7 fd422076
|2 czenas
|
| 650 |
|
7 |
|a historické knihovní fondy
|7 ph172933
|2 czenas
|
| 700 |
1 |
|
|a Aulinger, Johan Bapt.
|4 egr
|
| 700 |
0 |
|
|a Irenaeus,
|c svatý,
|d asi 130-202
|7 kup19980000042643
|4 aut
|
| 700 |
0 |
|
|a Kléméns z Alexandreie,
|d asi 150-asi 215
|7 jn19992000462
|4 aut
|
| 856 |
4 |
1 |
|u https://imageserver.mzk.cz/mzk03/001/182/800/328100207018.titul
|y Digitalizovaný dokument
|
| 903 |
|
|
|a RP
|
| 910 |
|
|
|e BOE950
|c R - B. II. c. 5
|
| 978 |
|
|
|b Rieger, Matthäus a synové
|a Augsburg
|c 1780
|
| 982 |
0 |
|
|a Rajhrad - benediktinský klášter
|
| 984 |
|
|
|a Augsburg
|b Německo
|
| 985 |
|
|
|a 1751-1800
|
| 990 |
|
|
|a BK
|
| 996 |
|
|
|e BOE950
|c R - B. II. c. 5
|
| 991 |
|
|
|k rajhrad
|
| 980 |
|
|
|c 207018
|g R - B. II. c. 5
|1 328100207018
|p BNr. 379 II.
|